Process control : modeling, design, and simulation /

Guardado en:
Autor Principal: Bequette, B. Wayne., 1957-
Formato: Libro
Idioma:English
Publicado: Upper Saddle River, N.J. : Prentice Hall PTR, 2003.
Series:Prentice-Hall international series in the physical and chemical engineering sciences
Materias:
Etiquetas: Agregar Etiqueta
Sin Etiquetas, Sea el primero en etiquetar este registro!
LEADER 00881cam a22002174a 4500
001 EIQ.libpla004413
008 020918s2003####njua##########001#0#eng##
005 20130802130021.0
245 1 0 |a Process control :  |b modeling, design, and simulation /  |c B. Wayne Bequette. 
260 |a Upper Saddle River, N.J. :  |b Prentice Hall PTR,  |c 2003. 
300 |a xxix, 769 p. :  |b il. ;  |c 24 cm. 
440 0 |a Prentice-Hall international series in the physical and chemical engineering sciences 
020 |a 0133536408 (paper : alk. paper) 
100 1 |a Bequette, B. Wayne.,  |d 1957- 
082 0 0 |a 670.42/7  |2 21 
650 0 |a Process control  |x Manufacturing processes  |x Mathematical models. 
650 0 |a Control de procesos  |x Procesos de manufactura  |x Modelos matemáticos 
010 |a  2002032953 
040 |a DLC  |c DLC  |d DLC 
050 0 0 |a TS156.8  |b .B46 2003 
859 |a AR-BbSID  |b BIB. PLAPIQUI  |h 670.427  |i B45  |p 6306